| 000 | 00561nam a22001817a 4500 | ||
|---|---|---|---|
| 005 | 20221018052237.0 | ||
| 008 | 221018b |||||||| |||| 00| 0 eng d | ||
| 020 | _a978-971-9654-23-0 | ||
| 082 | _aFil. 651.3 F634 2016 | ||
| 100 |
_aFlores, Marivic Francisco _eauthor |
||
| 245 |
_aAdministrative office management / _cMarivic Francisco Flores |
||
| 260 |
_aManila: _bUnlimited Books Library Services and Publishing, _cc2016. |
||
| 300 | _aviii, 184p. | ||
| 490 | _aOBE approach | ||
| 500 | _aIncludes bibliography | ||
| 541 | _e5407 | ||
| 650 | _aOffice management | ||
| 999 |
_c65 _d65 |
||